000 00531nam a22001817a 4500
003 SISC
005 20170711085522.0
008 170711b xxu||||| |||| 00| 0 eng d
020 _a9781308316437
050 _aHF 5601
_b.M478 2014
110 _aMcGraw-Hill Education.
245 _aFinance 1 /
_cMcGraw-Hill Education.
260 _a[Manila?]:
_bMcGraw-Hill Education,
_c2014.
300 _aiv, 709 pages :
_billustrations ;
_c26 cm.
500 _aIncludes bibliographic references.
650 _aAccounting.
942 _2lcc
_cBK
999 _c339020
_d339020